Methodology for the human sciences : systems of inquiry

Αποθηκεύτηκε σε:
Λεπτομέρειες βιβλιογραφικής εγγραφής
Κύριος συγγραφέας: Polkinghorne, Donald 1936-
Μορφή: Βιβλίο
Γλώσσα:English
Δημοσίευση: Albany : State University of New York Press, c1983
Σειρά:SUNY series in transpersonal and humanistic psychology
Θέματα:
Ετικέτες: Προσθήκη ετικέτας
Δεν υπάρχουν, Καταχωρήστε ετικέτα πρώτοι!

MARC

LEADER 00000nam a2200000 i 4500
001 1/47672
008 070706s1983 eng d
020 |a 978-0-87395-664-2 (pbk.) 
020 |a 0-87395-664-8 (pbk.) 
035 |l 10088704 
040 |a GR-MY-UA  |b gre  |e aacr 
041 0 |a eng 
082 0 |a 300.72  |2 (22) 
100 1 |a Polkinghorne, Donald  |d 1936- 
245 1 0 |a Methodology for the human sciences :  |b systems of inquiry /  |c Donald Polkinghorne 
260 |a Albany :   |b State University of New York Press,   |c c1983 
300 |a xii, 349 σ.;  |c 24 εκ. 
490 1 |a SUNY series in transpersonal and humanistic psychology 
504 |a Βιβλιογραφία: σ. 325-341 
504 |a Περιέχει ευρετήριο 
650 0 0 |a Psychology  |x Methodology. 
650 0 0 |a Psychology  |x Research. 
650 0 0 |a Psychology. 
650 0 0 |a Social sciences  |x Research. 
830 0 |a SUNY series in transpersonal and humanistic psychology 
852 |a INST  |b LESVOS  |e 20070706  |h 300.72 POL  |p 005100037839  |q 005100037839  |t BK  |y 0 
901 |a BIBL1-2007-2 
909 |a Λ  |b 135583 
922 |a 1ΕΛΗ  |b 200706  |c ΕΠΕΑΕΚ2/ΤΚ  |d ΠΑΠΑΣΩΤΗΡΙΟΥ 
970 |a ΒΑΡΚΑ  |b ΕΛΕΥΘΕΡΙΑ  |z 2007/07/06